=LDR 00000nam 2200000 4500 =001 INLIS000000000028143 =005 20130612130453 =008 ***********************************Ind** =035 ##$$0010-061300000028143 =041 ##$$a Ind =082 ##$$a F.Rom.D =090 ##$$a F.Rom.D, Mir f =100 ##$$a Mira. W =245 ##$$a Firdaus yang hilang, Mira W =260 ##$$a 2003 $b Jakarta =300 ##$$a 244 hlm, 18 cm =650 ##$$a Fiksi Dewasa =850 ##$$a NBPNMAT